| 000 | 00377nam a2200109Ia 4500 | ||
|---|---|---|---|
| 008 | 170221s9999 xx 000 0 und d | ||
| 100 | _aMadiyarova Diana | ||
| 245 | _aRisk management issues in a company | ||
| 245 | _cMadiyarova Diana, Bekmambetova Aizhan Zh. and Bekmagambetova Gulzhan Zh | ||
| 650 | _xBusiness | ||
| 856 | _uhttp://www.scienpress.com/Upload/BEJ/Vol%201_1_3.pdf | ||
| 999 |
_c307810 _d307810 |
||